000 00586nam a22001937a 4500
005 20251108172730.0
008 250721s2013 xx 000 0 ara d
082 1 4 _a368.068/زيد
100 1 _aزيدان، سلمان
245 1 0 _aإدارة الخطر و التأمين /
264 1 _aعمان :
_bدار المناهج للنشر و التوزيع،
_c2013.
300 _a358ص.
650 1 7 _aالتأمين
650 1 7 _aادارة المخاطر
650 1 7 _aشركات التأمين
650 1 7 _aتأمين الممتلكات
942 _2ddc
_cBK
999 _c87120
_d87120